| 000 | 00498nam a22001817a 4500 | ||
|---|---|---|---|
| 005 | 20260226123921.0 | ||
| 008 | 260226b |||||||| |||| 00| 0 eng d | ||
| 020 | _a978-1-80323-005-4 | ||
| 050 |
_aTK 5105.59 .A85 2024 _b1 |
||
| 100 | _aASLANER,MILAD | ||
| 245 | _aCYBERSECURITY STRATEGIES AND BEST PRACTICES | ||
| 250 | _a1ST EDITION | ||
| 260 |
_aBIRMINGHAM _bPACKT PUBLISHING _c2024 |
||
| 300 | _aXVII,233P | ||
| 500 | _aINCLUDES INDEX | ||
| 650 | _aCOMPUTRER NETWORKS | ||
| 942 |
_2lcc _cBK |
||
| 999 |
_c216708 _d216708 |
||